2 joueurs : leur club commun - Niveau 1/5 (Football) - Statistiques

Statistiques générales
  • Ce quiz a été pris 217 fois
  • Le résultat moyen est 9 sur 10
Statistiques - réponses
Par images Réponse % Correct
Borussia Dortmund
98%
Olympique Lyonnais
96%
Manchester United
95%
FC Barcelone
94%
LOSC Lille
94%
Séville FC
89%
Leicester City
88%
AJAX Amsterdam
86%
SL Benfica
84%
AS Rome
83%
Aucun quiz correspondant
Distribution des résultats
% des personnes avec chaque résultat
Percentile par nombre de réponses
Votre historique - résultats
Vous n’avez pas pris ce quiz